Florida Geography Quiz - Sudden Death - Statistics

General Stats
  • This quiz has been taken 622 times
    596 since last reset
  • The average score is 14 of 20
Answers on the Grid
Answers color-coded by a green-red scale on the quiz's grid according to % correct below.
Apalachicola Bay
Atlantic Ocean
Badlands National Park
Bay of Fundy
Biloxi
Biscayne National Park
Cape Canaveral
Cape Hatteras
Chihuahua Desert
Cumberland Gap
Daytona Beach
Dry Tortugas National Park
Everglades National Park
Florida Keys
Four Corners
Gulf of Mexico
Havana
Jacksonville
Jersey City
Key West
Lake Okeechobee
Lake Pontchartrain
Lake Tahoe
Lake Wobegon
Marathon Key
Mauna Kea
Miami
Mount Baldy
Natchez Trace
New Orleans
Orlando
Pensacola Bay
Puerto Rico
St. Augustine
St. Johns River
Tallahassee
Tampa Bay
Tennessee River
White Sands National Park
Yucatan Peninsula
 
Answer Stats
Answer % Correct
Atlantic Ocean
92%
Florida Keys
86%
Jacksonville
83%
Key West
83%
Miami
83%
Tampa Bay
83%
Daytona Beach
82%
Everglades National Park
82%
Cape Canaveral
81%
Orlando
81%
Tallahassee
79%
Gulf of Mexico
77%
Lake Okeechobee
70%
Pensacola Bay
69%
St. Augustine
69%
Biscayne National Park
51%
Marathon Key
51%
Apalachicola Bay
43%
Dry Tortugas National Park
43%
St. Johns River
34%
No matching quizzes found
Score Distribution
Percent of People with Each Score
Percentile by Number Answered
Your Score History
You have not taken this quiz since the last reset